00856 a2200217 4500003000500000005001700005040000900022082001000031100003400041245007700075260003100152300001600183505015000199538002900349650001400378651001200392942000800404999001900412952010400431952010300535Nust20170207153208.0 cNust a005.1 aKhan, Waqar Ahmad (MSCS-11) aRobust linear discriminant analysis by sub-samplingcWaqar Ahmad Khan  bMCS,NUSTc2006aRawalpindi aix, 46, p.; aIntroduction (page-1) Methodology of robust LDA (page-4) Implemenation and testing (page-17) Results and analysis (page-28) Conclusion (page-40) aAlmirah No 73 Shelf No 2 aPG Thesis aMSCS-11 cTHS c181281d181281 00102ddc40708NFICaMCSbMCSd2016-12-12l0o005.1 KHApMCSTCS-177r2016-12-08w2016-12-12yBK 00102ddc40708NFICaMCSbMCSd2016-12-12l0o005.1 KHApMCSTCS-63r2016-12-08w2016-12-12yBK